Ser el lobo / (Registro nro. 36806)

Detalles MARC
000 -CABECERA
Longitud fija campo de control 01591nam a2200325 a 4500
003 - • IDENTIFICADOR DELl NÚMERO DE CONTROL
Identificador del número de control CO-ViMGA
005 - • FECHA Y HORA DE LA ÚLTIMA TRANSACCIÓN
Fecha y hora de la última transacción 20230915233552.0
008 - • CÓDIGOS DE INFORMACIÓN DE LONGITUD FIJA
Códigos de información de longitud fija 071127s2008 ck a jr 0001jdspa d
020 ## - • NÚMERO INTERNACIONAL NORMALIZADO PARA LIBROS
Número Internacional Normalizado para Libros (ISBN) 9789584506092
040 ## - FUENTE DE LA CATALOGACIÓN
Centro catalogador de origen CO-ViMGA
Lengua de catalogación spa
Centro transcriptor CO-ViMGA
041 1# - • CÓDIGO DE LENGUA
Código de lengua del texto/banda sonora o título independiente spa
Código de lengua original ger
043 ## - CÓDIGO DE ÁREA GEOGRÁFICA
Código de área geográfica e-sz---
082 04 - • NÚMERO DE LA CLASIFICACIÓN DECIMAL DEWEY
Número de clasificación (R) C WEGs
Número del ítem W34s
Número de edición 21 ed.
100 1# - • PUNTO DE ACCESO PRINCIPAL-NOMBRE DE PERSONA
Nombre de persona Wegenast, Bettina.
245 10 - • TITULO PROPIAMENTE DICHO
Título Ser el lobo /
Mención de responsabilidad, etc. Bettina Wegenast ; ilustraciones Katharina Bubhoff ; traducción de Olga Martín.
300 ## - • DESCRIPCIÓN FÍSICA
Extensión 105 p. :
Otras características físicas il. ;
Dimensiones 20 cm.
440 #0 - • Mención de serie/Asiento secundario de título (R)
-- 10627
520 3# - • NOTA DE RESUMEN
Resumen, etc, Este libro trata de que el lobo ha muerto,Las ovejas y los cerdos están muy contentos y festejan en la pradera, pero pronto surge la pregunta: {Y ahora quién será el lobo? La oveja Kale se siente responsable de ocuparse de este asunto, en nombre de todos los animales. Después de todo, {qué tan difícil puede ser asustar a sus amigos de vez en cuando? Kale decide entonces presentar una solicitud para este trabajo, vestirse con la piel del lobo y empezar a espantar a toda la región.
521 ## - • NOTA DE PÚBLICO DESTINATARIO
Nota público destinatario (R ) Para niños de 7 años en adelante.
534 ## - • Nota De Versión Original
-- Título original :
Título Wolf sein.
650 14 - • PUNTO DE ACCESO ADICIONAL DE MATERIA - TÉRMINO DE MATERIA
Término de materia o nombre geográfico como elemento inicial Cuentos infantiles suizos.
650 14 - • PUNTO DE ACCESO ADICIONAL DE MATERIA - TÉRMINO DE MATERIA
Término de materia o nombre geográfico como elemento inicial Lobos
Subdivisión de forma Cuentos infantiles.
650 14 - • PUNTO DE ACCESO ADICIONAL DE MATERIA - TÉRMINO DE MATERIA
Término de materia o nombre geográfico como elemento inicial Ovejas
Subdivisión de forma Cuentos infantiles.
700 1# - • PUNTO DE ACCESO ADICIONAL - NOMBRE DE PERSONA
Nombre de persona Bubhoff, Katharina,
Término indicativo de función il.
700 1# - • PUNTO DE ACCESO ADICIONAL - NOMBRE DE PERSONA
Nombre de persona Martín, Olga,
Término indicativo de función tr.
942 ## - ENTRADA DE ELEMENTOS AGREGADOS (KOHA)
Fuente de clasificaión o esquema Dewey Decimal Classification
Koha [por defecto] tipo de item LIbro
Parte de clasificación C WEGs
949 ## - TRATAMIENTO DE LA INFORMACIÓN LOCAL (OCLC)
a n
b n
Existencias
Perdido Fuente de clasificación o esquema Estado Físico No para préstamo Forma de adquisición Localización permanente Localización actual Fecha adquisición Préstamos totales Signatura completa Código de barras Fecha última consulta Fecha del precio de reemplazo Tipo de item de Koha
  Dewey Decimal Classification     Sala Infantil Segundo Piso Biblioteca Pública Germán Arciniegas - Villavicencio Biblioteca Pública Germán Arciniegas - Villavicencio 08/25/2017   C WEGs 548200 08/25/2017 08/25/2017 LIbro









Instituto Departamental de Cultura del Meta - Red Departamental de Bibliotecas Públicas del Meta.